[Event "Barcelona Sant Marti op-A 20th"]
[Site "Barcelona"]
[Date "2018.07.19"]
[Round "7"]
[White "Anuj, Shrivatri"]
[Black "Navarro Lopez Menchero, Daniel"]
[Result "1/2-1/2"]
[WhiteElo "2094"]
[BlackElo "2297"]
[PlyCount "36"]
[EventDate "2018.07.13"]
[EventType "swiss"]
[EventRounds "9"]
[EventCountry "ESP"]
[SourceTitle "CBM 185 Extra"]
[Source "ChessBase"]
[SourceDate "2018.07.29"]
[SourceVersion "1"]
[SourceVersionDate "2018.07.29"]
[SourceQuality "1"]

1. d4 d5 2. Nf3 Nf6 3. c4 e6 4. e3 dxc4 5. Bxc4 a6 6. 0-0 b5 7. Be2 Bb7 8. a4 b4 9. b3 Nbd7 10. Bb2 c5 11. Nbd2 Be7 12. Nc4 0-0 13. Nfe5 Qc7 14. Bf3 Rfd8 15. Qe2 Nxe5 16. Nxe5 Bd6 17. Bxb7 Qxb7 18. Nc4 Be7 1/2-1/2

[Event "Barcelona Sant Marti op-A 20th"]
[Site "Barcelona"]
[Date "2018.07.16"]
[Round "4"]
[White "Low, Kevin"]
[Black "Navarro Lopez Menchero, Daniel"]
[Result "0-1"]
[WhiteElo "2122"]
[BlackElo "2297"]
[PlyCount "138"]
[EventDate "2018.07.13"]
[EventType "swiss"]
[EventRounds "9"]
[EventCountry "ESP"]
[SourceTitle "CBM 185 Extra"]
[Source "ChessBase"]
[SourceDate "2018.07.29"]
[SourceVersion "1"]
[SourceVersionDate "2018.07.29"]
[SourceQuality "1"]

1. e4 c5 2. Nf3 d6 3. d4 cxd4 4. Nxd4 Nf6 5. Nc3 a6 6. f3 Qb6 7. Nb3 g6 8. Qe2 Bg7 9. Be3 Qc7 10. Qd2 Nc6 11. 0-0-0 Be6 12. Bh6 Bxh6 13. Qxh6 0-0-0 14. Kb1 d5 15. exd5 Nxd5 16. Nxd5 Bxd5 17. Be2 Nb4 18. Rd2 Be6 19. Rhd1 Bf5 20. Rc1 Kb8 21. Nd4 Rxd4 22. Rxd4 Nxc2 23. Rdd1 Nb4+ 24. Ka1 Nc2+ 25. Kb1 Nb4+ 26. Ka1 Qa5 27. a3 Nc2+ 28. Ka2 Nb4+ 29. Ka1 Nc2+ 30. Ka2 Nb4+ 31. Kb3 Nc2 32. Qf4+ e5 33. Qa4 Be6+ 34. Bc4 Nd4+ 35. Rxd4 Qxa4+ 36. Kxa4 exd4 37. Bxe6 fxe6 38. Re1 Rd8 39. Rxe6 d3 40. Re1 Rc8 41. Rd1 Rc2 42. Rxd3 Rxg2 43. Rd7 Rxh2 44. Kb3 Ka7 45. Rg7 Kb6 46. Kc3 Kc6 47. b3 b5 48. a4 bxa4 49. bxa4 Rh4 50. Kb3 Kb6 51. Rf7 Ka5 52. Re7 Rb4+ 53. Kc3 Rf4 54. Rxh7 Rxf3+ 55. Kb2 Kxa4 56. Rg7 Rg3 57. Rb7 g5 58. Re7 g4 59. Re5 Rg2+ 60. Kb1 a5 61. Kc1 Kb4 62. Re4+ Kb3 63. Re3+ Kc4 64. Re4+ Kd3 65. Ra4 Rg1+ 66. Kb2 g3 67. Rxa5 Rg2+ 68. Kb3 Rf2 69. Rg5 g2 0-1

[Event "Barcelona Sant Marti op-A 20th"]
[Site "Barcelona"]
[Date "2018.07.14"]
[Round "2"]
[White "Navarro Lopez Menchero, Daniel"]
[Black "Kavisha, S Shah"]
[Result "1-0"]
[WhiteElo "2297"]
[BlackElo "1723"]
[PlyCount "85"]
[EventDate "2018.07.13"]
[EventType "swiss"]
[EventRounds "9"]
[EventCountry "ESP"]
[SourceTitle "CBM 185 Extra"]
[Source "ChessBase"]
[SourceDate "2018.07.29"]
[SourceVersion "1"]
[SourceVersionDate "2018.07.29"]
[SourceQuality "1"]

1. e4 c6 2. d4 d5 3. e5 Bf5 4. Nf3 e6 5. Be2 Nd7 6. 0-0 h6 7. Nbd2 Ne7 8. Nb3 g5 9. Ne1 Bg7 10. f4 gxf4 11. Bxf4 Qb6 12. a4 a6 13. Kh1 Bg6 14. a5 Qc7 15. Nd3 h5 16. Ndc5 Nxc5 17. Nxc5 h4 18. Ra3 Nf5 19. Qd2 Bf8 20. Qb4 Bxc5 21. Qxc5 Ne7 22. Bg5 Be4 23. Bf3 Bxf3 24. Raxf3 Nf5 25. Bf6 Rh6 26. Rf4 Rxf6 27. exf6 0-0-0 28. R4f3 Rg8 29. Qa7 Rg6 30. Rxf5 exf5 31. Re1 Rg8 32. Re7 Qb8 33. Qxb8+ Kxb8 34. Rxf7 Re8 35. Re7 Rf8 36. f7 Ka7 37. Kg1 h3 38. gxh3 f4 39. Kf2 f3 40. h4 c5 41. c3 c4 42. h5 Rg8 43. Rxb7+ 1-0

[Event "Titled Tuesday intern op 12th Dec"]
[Site "Chess.com INT"]
[Date "2017.12.12"]
[Round "7"]
[White "Navarro Lopez Menchero, Daniel"]
[Black "Nigmatov, Ortik"]
[Result "0-1"]
[WhiteElo "2268"]
[BlackElo "2361"]
[PlyCount "82"]
[EventDate "2017.12.12"]
[EventType "swiss (blitz)"]
[EventRounds "10"]
[EventCountry "USA"]
[SourceTitle "EXT 2021"]
[Source "ChessBase"]
[SourceDate "2020.10.23"]
[SourceVersion "1"]
[SourceVersionDate "2020.10.23"]
[SourceQuality "1"]

1. d4 d6 2. e4 g6 3. c4 Bg7 4. Nc3 Nc6 5. Nge2 Nf6 6. f3 0-0 7. Be3 a6 8. Qd2 Na5 9. Nc1 Bd7 10. Be2 Rb8 11. b4 Nc6 12. Rb1 e5 13. d5 Nd4 14. 0-0 Ne8 15. Bd1 f5 16. N1e2 Nxe2+ 17. Bxe2 f4 18. Bf2 g5 19. c5 h5 20. c6 bxc6 21. dxc6 Bxc6 22. Bxa6 g4 23. Kh1 Qg5 24. Bc4+ Kh7 25. Nd5 Bd7 26. b5 h4 27. h3 gxh3 28. gxh3 Bxh3 29. Rg1 Qh5 30. Be2 Bd7 31. a4 c6 32. bxc6 Rxb1 33. Rxb1 Bxc6 34. Ne7 Bxa4 35. Nf5 Rxf5 36. exf5 Bc6 37. Qd3 Nf6 38. Kh2 d5 39. Qc3 Qxf5 40. Rg1 Bd7 41. Qe1 Qh3# 0-1

[Event "Titled Tuesday intern op 2nd May"]
[Site "Chess.com INT"]
[Date "2017.05.02"]
[Round "2"]
[White "Macovei, Andrei"]
[Black "Navarro Lopez Menchero, Daniel"]
[Result "0-1"]
[WhiteElo "2329"]
[BlackElo "2266"]
[PlyCount "96"]
[EventDate "2017.05.02"]
[EventType "swiss (blitz)"]
[EventRounds "10"]
[EventCountry "USA"]
[SourceTitle "EXT 2021"]
[Source "ChessBase"]
[SourceDate "2020.10.23"]
[SourceVersion "1"]
[SourceVersionDate "2020.10.23"]
[SourceQuality "1"]

1. e4 e6 2. d3 c5 3. g3 Nc6 4. Nf3 g6 5. Bg2 Bg7 6. 0-0 Nge7 7. c3 d5 8. e5 Nxe5 9. Nxe5 Bxe5 10. d4 cxd4 11. cxd4 Bg7 12. Nc3 Nc6 13. Be3 0-0 14. Qd2 b6 15. Rfc1 Na5 16. b3 Ba6 17. Ne2 Qd7 18. Nf4 Rac8 19. Nd3 Rxc1+ 20. Rxc1 Rc8 21. Ne5 Qe8 22. Rc3 Bf8 23. Qc1 Bb4 24. Rc2 Rxc2 25. Qxc2 Qc8 26. Qd1 Nc6 27. Ng4 h5 28. Nf6+ Kg7 29. Bg5 Be7 30. Qf3 Qd8 31. Nxh5+ gxh5 32. Bxe7 Qxe7 33. Qxh5 Qf6 34. h4 Bd3 35. Qg4+ Qg6 36. Qf4 Qf5 37. Qe3 Bb1 38. Qc1 Nxd4 39. Qb2 e5 40. Bxd5 Be4 41. Bxe4 Qxe4 42. b4 Nf3+ 43. Kf1 Qd3+ 44. Kg2 Nd4 45. a4 Qf3+ 46. Kg1 Ne2+ 47. Kf1 Nxg3+ 48. Kg1 Qh1# 0-1